| 000 | 00548nam a2200205Ia 4500 | ||
|---|---|---|---|
| 005 | 20250508152528.0 | ||
| 008 | 008 250505s9999 xx 000 0 eng d | ||
| 037 | _aTextual | ||
| 040 |
_aFEDL _beng _cFEDL |
||
| 041 |
_aeng _2eng |
||
| 084 |
_a954.07, RAO _qFEDL |
||
| 100 | _aRao M V Krishna | ||
| 245 | 0 | _aStudies in Kautilya | |
| 250 | _aRev and enlarged | ||
| 260 |
_aDelhi, India _bMunshiram Manoharlal _c1958 |
||
| 300 | _aiii,258p. | ||
| 365 |
_aINR _b12.5 |
||
| 942 |
_cTEXL _h954.07, RAO |
||
| 999 |
_c1337029 _d1337029 |
||